[Event "FRA-ch U16 Girls"]
[Site "Montbeliard"]
[Date "2014.04.21"]
[Round "2"]
[White "Le Berre, Audrey"]
[Black "Imperor, Lorene"]
[Result "1-0"]
[WhiteElo "1562"]
[BlackElo "1878"]
[PlyCount "137"]
[EventDate "2014.04.20"]
[EventType "swiss"]
[EventRounds "9"]
[EventCountry "FRA"]
[SourceTitle "CBM 160 Extra"]
[Source "ChessBase"]
[SourceDate "2014.07.01"]
[SourceVersion "1"]
[SourceVersionDate "2014.07.01"]
[SourceQuality "1"]

1. c4 e5 2. Nc3 Nc6 3. g3 g6 4. Bg2 Bg7 5. Nf3 f5 6. d3 d6 7. Bg5 Nf6 8. Nd5 h6 9. Bxf6 Bxf6 10. Nxf6+ Qxf6 11. Nd2 0-0 12. 0-0 Ne7 13. Rb1 g5 14. e3 g4 15. f4 c6 16. fxe5 dxe5 17. Ne4 Qg6 18. Nc3 Qg5 19. Qd2 Be6 20. Rbd1 Rad8 21. b3 Ng6 22. Ne2 e4 23. d4 Ne5 24. Nf4 Bf7 25. Qf2 Nf3+ 26. Bxf3 gxf3 27. Kh1 h5 28. Rg1 Rd6 29. c5 Rd7 30. Rc1 Rfd8 31. Rgd1 Bd5 32. Qd2 Kf7 33. Qf2 Rh8 34. h4 Qh6 35. Kh2 Ke8 36. Rg1 Rg8 37. Rcd1 Rdg7 38. Rc1 Rg4 39. Rcd1 Bf7 40. Rc1 Qf6 41. Rb1 Kd8 42. Rbc1 Kc8 43. Rc2 Qd8 44. b4 R8g7 45. a3 Qg8 46. Rcc1 Kb8 47. Ra1 Be8 48. Rab1 Qf7 49. Rbc1 Rg8 50. Rb1 R4g7 51. Ra1 b6 52. Kh3 Qf6 53. Kh2 Ka8 54. Rac1 Rc7 55. cxb6 Rb7 56. bxa7 Rxa7 57. Ra1 Bf7 58. Qc2 Kb7 59. a4 Rga8 60. a5 Ra6 61. Rgb1 Be8 62. Rc1 Rc8 63. b5 Raa8 64. a6+ Kc7 65. Nd5+ Kd8 66. Nxf6 cxb5 67. Qxc8+ Rxc8 68. Rxc8+ Kxc8 69. Nxe8 1-0

[Event "FRA-ch U12 Girls"]
[Site "Troyes"]
[Date "2010.06.16"]
[Round "7"]
[White "Dedisse, Mariane"]
[Black "Le Berre, Audrey"]
[Result "0-1"]
[WhiteElo "1550"]
[BlackElo "1480"]
[PlyCount "78"]
[EventDate "2010.04.11"]
[EventType "swiss"]
[EventRounds "9"]
[EventCountry "FRA"]
[SourceTitle "EXT 2012"]
[Source "ChessBase"]
[SourceDate "2011.11.24"]
[SourceVersion "1"]
[SourceVersionDate "2011.11.24"]
[SourceQuality "1"]

1. d4 Nf6 2. c4 g6 3. Nc3 Bg7 4. Bf4 0-0 5. e3 b6 6. Nf3 Bb7 7. Bd3 d5 8. 0-0 Nbd7 9. Ne5 c6 10. b3 Nh5 11. Nxd7 Qxd7 12. Re1 Nxf4 13. exf4 Bxd4 14. Qd2 dxc4 15. bxc4 c5 16. g3 Rad8 17. Rad1 Bf3 18. Be2 Bxe2 19. Rxe2 Qg4 20. Nd5 e6 21. Qxd4 exd5 22. Qd3 dxc4 23. Qc2 Rxd1+ 24. Qxd1 c3 25. Qc2 Rd8 26. Re3 Qd1+ 27. Qxd1 Rxd1+ 28. Kg2 c2 29. Rc3 c1Q 30. Rxc1 Rxc1 31. f5 gxf5 32. g4 c4 33. gxf5 c3 34. f6 Rd1 35. f4 c2 36. h4 c1Q 37. h5 Rd3 38. h6 Qc2+ 39. Kf1 Rd1# 0-1

[Event "FRA-ch U12 Girls"]
[Site "Aix les Bains"]
[Date "2009.04.26"]
[Round "9"]
[White "Saliou, Sarah"]
[Black "Le Berre, Audrey"]
[Result "0-1"]
[WhiteElo "1260"]
[BlackElo "1470"]
[PlyCount "64"]
[EventDate "2009.04.19"]
[EventType "swiss"]
[EventRounds "9"]
[EventCountry "FRA"]
[SourceTitle "CBM 130 Extra"]
[Source "ChessBase"]
[SourceDate "2009.07.02"]
[SourceVersion "2"]
[SourceVersionDate "2009.07.15"]
[SourceQuality "1"]

1. e4 c5 2. Nc3 g6 3. f4 Bg7 4. Nf3 Nc6 5. Bc4 d6 6. 0-0 Nf6 7. Bb5 Bd7 8. Bxc6 Bxc6 9. d3 0-0 10. f5 e6 11. Nh4 exf5 12. exf5 Nd7 13. Qg4 Ne5 14. Qh3 Bf6 15. Nf3 Nxf3+ 16. gxf3 Bd7 17. Qh6 Bg7 18. Qf4 Bxf5 19. Be3 h6 20. Nb5 d5 21. Bxc5 Re8 22. Bd4 Bxd4+ 23. Nxd4 Qb6 24. Rab1 Re2 25. Kh1 g5 26. Qxf5 Qxd4 27. Qh3 Kg7 28. Qd7 Qh4 29. Qd6 Rae8 30. Rg1 R8e3 31. Qg3 Qh5 32. Qg4 Qxh2# 0-1

[Event "FRA-ch U12 Girls"]
[Site "Aix les Bains"]
[Date "2009.04.25"]
[Round "8"]
[White "Le Berre, Audrey"]
[Black "Auvray, Honorine"]
[Result "0-1"]
[WhiteElo "1470"]
[BlackElo "1708"]
[PlyCount "84"]
[EventDate "2009.04.19"]
[EventType "swiss"]
[EventRounds "9"]
[EventCountry "FRA"]
[SourceTitle "CBM 130 Extra"]
[Source "ChessBase"]
[SourceDate "2009.07.02"]
[SourceVersion "2"]
[SourceVersionDate "2009.07.15"]
[SourceQuality "1"]

1. Nf3 Nf6 2. g3 e6 3. Bg2 d5 4. d3 Be7 5. 0-0 0-0 6. Nc3 c5 7. e4 b6 8. b3 Bb7 9. Bg5 dxe4 10. Bxf6 Bxf6 11. Nxe4 Bxa1 12. Qxa1 Bxe4 13. dxe4 Nd7 14. Rd1 Qc7 15. c4 Rad8 16. e5 Nxe5 17. Rxd8 Nxf3+ 18. Bxf3 Rxd8 19. Qc3 Rd6 20. Kg2 Qd8 21. Qe3 Rd2 22. a3 Rd3 23. Qe4 Rxb3 24. a4 Rd3 25. Qb7 Rd7 26. Qe4 Qe8 27. Qc2 Rd8 28. Be4 h6 29. Bb7 Qd7 30. Ba6 Qd2 31. Qb3 Rd3 32. Qb5 Kf8 33. Qc6 Rd8 34. Bb5 Qd6 35. Qe4 Kg8 36. h3 Qd1 37. Qc6 Rd3 38. Qe8+ Kh7 39. Qxf7 Qe1 40. Bd7 Qe4+ 41. Kh2 Rd1 42. f3 Qe2# 0-1

[Event "FRA-ch U12 Girls"]
[Site "Aix les Bains"]
[Date "2009.04.24"]
[Round "7"]
[White "Del Valle, Julie"]
[Black "Le Berre, Audrey"]
[Result "0-1"]
[WhiteElo "1530"]
[BlackElo "1470"]
[PlyCount "76"]
[EventDate "2009.04.19"]
[EventType "swiss"]
[EventRounds "9"]
[EventCountry "FRA"]
[SourceTitle "CBM 130 Extra"]
[Source "ChessBase"]
[SourceDate "2009.07.02"]
[SourceVersion "2"]
[SourceVersionDate "2009.07.15"]
[SourceQuality "1"]

1. d4 Nf6 2. c4 g6 3. Nc3 Bg7 4. Nf3 d6 5. e4 0-0 6. Be2 Re8 7. Bg5 e5 8. 0-0 Bg4 9. h3 Bxf3 10. Bxf3 Nc6 11. Ne2 Qd7 12. Qd2 exd4 13. Nxd4 Nxd4 14. Qxd4 Nxe4 15. Qd3 Nxg5 16. Bg4 Qd8 17. Rfb1 Ne6 18. Re1 Nc5 19. Qc2 Qf6 20. Bf3 Rxe1+ 21. Rxe1 Qxb2 22. Qxb2 Bxb2 23. Rb1 Bd4 24. Bxb7 Rb8 25. Rd1 Bxf2+ 26. Kxf2 Rxb7 27. Kg1 Kg7 28. Re1 Ne6 29. Re3 Rb1+ 30. Kh2 Rb2 31. a3 a5 32. Rf3 a4 33. Kg1 Rb3 34. Kh2 Nd4 35. Rg3 Nc2 36. Rxb3 axb3 37. a4 b2 38. a5 b1Q 0-1